| 000 | 00662nam a22002297a 4500 | ||
|---|---|---|---|
| 005 | 20181217145317.0 | ||
| 008 | 181217b xxu||||| |||| 00| 0 eng d | ||
| 020 |
_a9788130914510 _cRs 195 |
||
| 040 | _beng | ||
| 041 | _aEnglish | ||
| 082 |
_a823(I) _bGHO-MON |
||
| 100 | _aMondal, Anshuman A. | ||
| 245 |
_aAmitav Ghosh _cAnshuman A. Mondal |
||
| 260 |
_aNew Delhi _bViva Books _c2010 |
||
| 300 |
_axviii,211p _b23 cm |
||
| 440 | _aContemporary World Writers | ||
| 504 | _aIncludes bibliographical references and index | ||
| 600 |
_aGhosh, Amitav _d1956- |
||
| 650 |
_aIndian writing in English _vHistory and criticism |
||
| 850 | _aLCLIB | ||
| 942 | _cBK | ||
| 999 |
_c41885 _d92364 |
||